Investičná pomoc na podporu cestovného ruchu

Stručný pohľad na zákon č. 399/2019 Z.z., ktorým sa zavádza nová aktivita pre oblasť cestovného ruchu, a to poskytovanie investičnej pomoci. Formy a podmienky poskytnutia investičnej pomoci.

Salvato in:
Dettagli Bibliografici
Autore principale: Gálisová, Zuzana
Natura: Capitolo di libro
Lingua:slovacco
Soggetti:
Tags: Aggiungi Tag
Nessun Tag, puoi essere il primo ad aggiungerne!!

MARC

LEADER 00000naa a2200000 4500
001 0261923
005 20200130093800.7
041 0 |a slo 
044 |a SK 
245 1 0 |a Investičná pomoc na podporu cestovného ruchu  |c Zuzana Gálisová 
520 |a Stručný pohľad na zákon č. 399/2019 Z.z., ktorým sa zavádza nová aktivita pre oblasť cestovného ruchu, a to poskytovanie investičnej pomoci. Formy a podmienky poskytnutia investičnej pomoci. 
610 2 0 |a investície 
610 2 0 |a ruch cestovný 
610 2 0 |a novelizácia 
610 2 0 |a legislatíva 
100 1 |a Gálisová, Zuzana